Intermediate physics Vol 2 (Record no. 126132)
[ view plain ]
| 000 -LEADER | |
|---|---|
| fixed length control field | 00499nam a2200217Ia 4500 |
| 003 - CONTROL NUMBER IDENTIFIER | |
| control field | OSt |
| 005 - DATE AND TIME OF LATEST TRANSACTION | |
| control field | 20230315143704.0 |
| 008 - FIXED-LENGTH DATA ELEMENTS--GENERAL INFORMATION | |
| fixed length control field | 210210b1949 xxu||||| |||| 00| 0 eng d |
| 040 ## - CATALOGING SOURCE | |
| Transcribing agency | AL |
| 041 ## - LANGUAGE CODE | |
| Language code of text/sound track or separate title | eng |
| 082 ## - DEWEY DECIMAL CLASSIFICATION NUMBER | |
| Classification number | 531/29 |
| 100 ## - MAIN ENTRY--PERSONAL NAME | |
| Personal name | CHOWDHURY (S C Ray) |
| 9 (RLIN) | 75485 |
| 245 ## - TITLE STATEMENT | |
| Title | Intermediate physics Vol 2 |
| 260 ## - PUBLICATION, DISTRIBUTION, ETC. | |
| Place of publication, distribution, etc. | Calcutta |
| Name of publisher, distributor, etc. | - |
| Date of publication, distribution, etc. | 1949 |
| 300 ## - PHYSICAL DESCRIPTION | |
| Extent | xvii,554 |
| 440 ## - SERIES STATEMENT/ADDED ENTRY--TITLE | |
| Title | 2 |
| 9 (RLIN) | 75486 |
| 690 ## - LOCAL SUBJECT ADDED ENTRY--TOPICAL TERM (OCLC, RLIN) | |
| Topical term or geographic name as entry element | Physics |
| 9 (RLIN) | 75487 |
| 700 ## - ADDED ENTRY--PERSONAL NAME | |
| Personal name | SINHA (D B) |
| 9 (RLIN) | 75488 |
| 906 ## - LOCAL DATA ELEMENT F, LDF (RLIN) | |
| a | 008230 |
| 942 ## - ADDED ENTRY ELEMENTS (KOHA) | |
| Source of classification or shelving scheme | Dewey Decimal Classification |
| Koha item type | Book |
| Withdrawn status | Lost status | Source of classification or shelving scheme | Damaged status | Not for loan | Collection code | Home library | Current library | Date acquired | Cost, normal purchase price | Total Checkouts | Full call number | Barcode | Date last seen | Price effective from | Koha item type |
|---|---|---|---|---|---|---|---|---|---|---|---|---|---|---|---|
| Dewey Decimal Classification | Physics | St Aloysius Library | St Aloysius Library | 02/17/2021 | 6.00 | 531/29 | 008230 | 02/17/2021 | 02/17/2021 | Book | |||||
| Dewey Decimal Classification | Physics | St Aloysius Library | St Aloysius Library | 02/17/2021 | 6.00 | 531/30 | 008231 | 02/17/2021 | 02/17/2021 | Book | |||||
| Dewey Decimal Classification | Physics | St Aloysius Library | St Aloysius Library | 02/17/2021 | 6.00 | 531/31 | 008232 | 02/17/2021 | 02/17/2021 | Book |